000 00664nam a2200265Ia 4500
005 20260121172957.0
008 008 260114s9999 xx 000 0 eng d
020 _a9783030828400
037 _aEBOOK
040 _aCRL
040 _beng
040 _cCRL
041 _2eng
041 _aeng
084 _qCRL
100 _aTon J. Cleophas, Aeilko H. Zwinderman
_91095102
245 0 _aQuantile Regression in Clinical Research
260 _bSpringer
260 _bSpringer
260 _c2021
856 _uhttps://link.springer.com/openurl?genre=book&isbn=978-3-030-82840-0
942 _cEBOOK
999 _c1660844
_d1660844